000 00452cam a2200181ua 4500
020 _c7.00
041 _aeng
_h
082 _a551
_bKRI/IN
100 _aKrishnan, M S .
245 _aIntroduction to the geology of india /
_cM S Krishnan.
_hTextual Documents
250 _a1 /
_b.
260 _aMadras :
_bThe madras law journal office ,
_c1951.
300 _a182 ; .
365 _a7.00
504 _a
942 _cBK
999 _c3166
_d3166